| 000 | 00762nam a22002537a 4500 | ||
|---|---|---|---|
| 001 | 5779 | ||
| 003 | FISKH | ||
| 005 | 20250122151334.0 | ||
| 008 | 250121b cb ||||| |||| 00| 0 eng d | ||
| 020 | _a9780531249123 | ||
| 040 |
_aFISKH _beng _cFISKH _dFISKH |
||
| 050 | _aD522.P397 | ||
| 082 | _a940.4 | ||
| 100 | _aPerritano, John | ||
| 245 |
_aWorld War I / _cby John Perritano |
||
| 260 |
_aNew York : _bScholastic , _c2010. |
||
| 300 |
_a32 pages : _bcolor illustrations ; _c24 cm . |
||
| 490 | _aAmerica at War | ||
| 520 | _aBriefly covers WWI from beginning to end and includes many photographs from the war. | ||
| 650 |
_aWorld War, 1914-1918 _vJuvenile literature |
||
| 700 |
_aCohn, Jessica _eeditor |
||
| 942 |
_2ddc _cBK _n0 |
||
| 999 |
_c5779 _d5779 |
||